Vol. 59, № 10; Industrial and Engineering Chemistry; Process design and development

Bibliografiske detaljer
Parent link:Industrial and Engineering Chemistry/ American Chemical Society. Vol. 59, № 10.— , 1935-1970
Summary:В журнале не печатается ряд страниц
В журнале печатается приложение с отдельной периодизацией
Sprog:engelsk
Udgivet: 1967
TOC:Process design and development;
Format: Bog
KOHA link:https://koha.lib.tpu.ru/cgi-bin/koha/opac-detail.pl?biblionumber=583954

MARC

LEADER 00000nam2a2200000 4500
001 583954
005 20231101131058.0
035 |a (RuTPU)RU\TPU\prd\285187 
035 |a RU\TPU\prd\285179 
090 |a 583954 
100 |a 20190718a19351970k y0engy50 ba 
101 0 |a eng 
102 |a US 
200 0 |a Vol. 59, № 10 
210 |d 1967 
215 |a p. 1-108, p. 389-543 (приложение) 
300 |a В журнале не печатается ряд страниц 
300 |a В журнале печатается приложение с отдельной периодизацией 
320 |a Author and Subject Index 
461 1 |0 (RuTPU)RU\TPU\prd\283487  |t Industrial and Engineering Chemistry  |f American Chemical Society  |v Vol. 59, № 10  |d 1935-1970 
464 |t Process design and development  |v Vol. 6 № 4 
517 1 |a Промышленная химия и химическая технология 
801 0 |a RU  |b 63413507  |c 20010227  |g PSBO 
801 1 |a RU  |b 63413507  |c 20080423  |g PSBO 
801 2 |a RU  |b 63413507  |c 20190718  |g PSBO 
942 |c BK 
999 |a НТБ_ТПУ  |b НФ  |e -8/20180109  |p П-517  |u 0,00  |v 1  |x 11287